Historia de la vida, y excelencias de la sacratissima Virgen María nuestra señora, desde el milagrso nacimiento de Christo nuestro señor, hasta la adoración de los santos reyes (Record no. 8464)

MARC details
000 -CABECERA
campo de control de longitud fija 00946nam a2200217 a 4500
001 - NÚMERO DE CONTROL
campo de control BRCA_8813
005 - FECHA Y HORA DE LA ÚLTIMA TRANSACCIÓN
campo de control 20190320210424.0
008 - DATOS DE LONGITUD FIJA--INFORMACIÓN GENERAL
campo de control de longitud fija 240417s1761----sp-#######---#000-0#spa-#
041 ## - CÓDIGO DE LENGUA
Código de lengua del texto/banda sonora o título independiente spa
044 ## - CÓDIGO DEL PAÍS DE LA ENTIDAD EDITORA/PRODUCTORA
Código MARC del país sp
084 ## - OTRO NÚMERO DE CLASIFICACIÓN
Número de clasificación BE194
Número de documento/Ítem .J67 1761
100 1# - ENTRADA PRINCIPAL--NOMBRE DE PERSONA
Nombre de persona Joseph de Jesús María
9 (RLIN) 21961
245 10 - MENCIÓN DE TÍTULO
Título Historia de la vida, y excelencias de la sacratissima Virgen María nuestra señora, desde el milagrso nacimiento de Christo nuestro señor, hasta la adoración de los santos reyes
Resto del título por el R.P. Fray Joseph de Jesús María primer historiador General de la Sagrada Reforma de Nuestra Señora del Carmen; tomo séptimo.
260 ## - PUBLICACIÓN, DISTRIBUCIÓN, ETC.
Lugar de publicación, distribución, etc. Madrid
Nombre del editor, distribuidor, etc. Por Antonio Perez de Soto
Fecha de publicación, distribución, etc. 1761
300 ## - DESCRIPCIÓN FÍSICA
Extensión [6], 411 p. (t.7)
Dimensiones 15.6 x 10 cm.
500 ## - NOTA GENERAL
Nota general Estado físico: presenta encuadernación en pergamino
650 14 - PUNTO DE ACCESO ADICIONAL DE MATERIA--TÉRMINO DE MATERIA
Término de materia o nombre geográfico como elemento de entrada Virgen María
Subdivisión cronológica Obras anteriores a 1800
9 (RLIN) 21962
700 1# - PUNTO DE ACCESO ADICIONAL--NOMBRE DE PERSONA
Nombre de persona Perez de Soto, Antonio
Término indicativo de función/relación Impresor
9 (RLIN) 21963
902 ## - CATALOGADOR
Iniciales CFM
942 ## - ELEMENTOS DE PUNTO DE ACCESO ADICIONAL (KOHA)
Fuente del sistema de clasificación o colocación Library of Congress Classification
Tipo de ítem Koha Libros
Holdings
Estado de retiro Estado de pérdida Estado dañado No para préstamo Localización permanente Ubicación/localización actual Fecha de adquisición Total de préstamos Signatura topográfica completa Código de barras Fecha visto por última vez Precio válido a partir de Tipo de ítem Koha
El ejemplar forma parte de la colección y puede ser consultado según las políticas vigentes.       Biblioteca del Museo Franz Mayer (Rogerio Casas-Alatriste) Biblioteca del Museo Franz Mayer (Rogerio Casas-Alatriste) 24/04/2017   BE194 .J67 1761 CFM00140 22/03/2019 22/03/2019 Libros